000 00443nam a2200169Ia 4500
008 230711s9999||||xx |||||||||||||| ||und||
020 _a978-81-224-2588-8
041 _aENG
082 _a620.1127
_bRA-N
100 _aPrakash,Ravi
245 0 _aNon-destructive testing techniques
250 _a1st . Ed.
260 _c2010
_aNew Delhi
_bNew Age International Publishers
300 _a134p.
650 _aMechanical Engineering
942 _cBK
999 _c5911
_d5911